Concours Gardien de la paix 2025-2026 -Tout-en-un (notice n° 1791965)
[ vue normale ]
| 000 -LEADER | |
|---|---|
| fixed length control field | 01127cam a2200229 4500500 |
| 005 - DATE AND TIME OF LATEST TRANSACTION | |
| control field | 20260329000024.0 |
| 041 ## - LANGUAGE CODE | |
| Language code of text/sound track or separate title | fre |
| 042 ## - AUTHENTICATION CODE | |
| Authentication code | dc |
| 100 10 - MAIN ENTRY--PERSONAL NAME | |
| Personal name | Belleney, Delphine |
| Relator term | author |
| 245 00 - TITLE STATEMENT | |
| Title | Concours Gardien de la paix 2025-2026 -Tout-en-un |
| 260 ## - PUBLICATION, DISTRIBUTION, ETC. | |
| Name of publisher, distributor, etc. | Dunod,<br/> |
| Date of publication, distribution, etc. | 2025.<br/> |
| 520 ## - SUMMARY, ETC. | |
| Summary, etc. | Toutes les épreuves: Résolution d’un ou de plusieurs cas pratiques. QCM de culture générale. QCM de langue étrangère. Tests psychotechniques. Épreuves physiques. Entretien de recrutement avec le jury.QCM, exercices d’entraînement et sujets d’annales pour réviser et s’entraîner.Inscriptions: mai à juillet 2025. Épreuves: septembre 2025. |
| 700 10 - ADDED ENTRY--PERSONAL NAME | |
| Personal name | Couarc'h, Thibault |
| Relator term | author |
| 700 10 - ADDED ENTRY--PERSONAL NAME | |
| Personal name | Grenier, Nicolas |
| Relator term | author |
| 700 10 - ADDED ENTRY--PERSONAL NAME | |
| Personal name | Pelletier, Corinne |
| Relator term | author |
| 700 10 - ADDED ENTRY--PERSONAL NAME | |
| Personal name | Priet, Benoît |
| Relator term | author |
| 700 10 - ADDED ENTRY--PERSONAL NAME | |
| Personal name | Renaut, Cédric |
| Relator term | author |
| 700 10 - ADDED ENTRY--PERSONAL NAME | |
| Personal name | RICHARD, Yannick |
| Relator term | author |
| 700 10 - ADDED ENTRY--PERSONAL NAME | |
| Personal name | Rosard, Frédéric |
| Relator term | author |
| 700 10 - ADDED ENTRY--PERSONAL NAME | |
| Personal name | SOURFLAIS, Albert |
| Relator term | author |
| 856 41 - ELECTRONIC LOCATION AND ACCESS | |
| Uniform Resource Identifier | <a href="https://droit.cairn.info/concours-gardien-de-la-paix-2025-2026-tout-en-un--9782100876655?lang=fr&redirect-ssocas=7080">https://droit.cairn.info/concours-gardien-de-la-paix-2025-2026-tout-en-un--9782100876655?lang=fr&redirect-ssocas=7080</a> |
Pas d'exemplaire disponible.




Réseaux sociaux